| 000 | 01040nam a2200253 i 4500 | ||
|---|---|---|---|
| 001 | 34383 | ||
| 003 | ES-MaACL | ||
| 005 | 20250803063034.0 | ||
| 007 | t| | ||
| 008 | 030204s1918 sp ||||1| spa d | ||
| 100 | 1 |
_aBlavatsky, H. P., _d1831-1891 _9148372 |
|
| 245 | 1 | 0 |
_aPor las grutas y selvas del Indostán / _ctraducción de los artículos escritos en ruso por Helena Petrovna Blavatsky ; prólogo, notas y comentarios por Mario Roso de Luna. |
| 260 |
_aMadrid : _bLibrería de la Viuda de Pueyo, _c1918 ( _fImp. Helénica) |
||
| 300 |
_aXXXIX, 533 p. : _b1 retr. ; _c25 cm. |
||
| 530 | _aDisponible en formato digital. | ||
| 599 | _aRetr. de H.P. Blavatsky. | ||
| 651 | 4 |
_aIndia- _xDescripción. _98839 |
|
| 651 | 4 |
_aIndia- _xReligión. _9163776 |
|
| 700 | 1 |
_aRoso de Luna, Mario, _d1872-1931 _999794 |
|
| 852 |
_aES-MaACL _jC-4324 _cSPAL _zRevisado enlace: 7 de julio de 2025 |
||
| 856 | 4 |
_uhttp://bdh-rd.bne.es/viewer.vm?id=0000074566&page=1 _yBiblioteca Digital Hispánica |
|
| 942 | _2udc | ||
| 999 |
_c34383 _d34383 |
||